Handbuch der katholischen Dogmatik : Vierter Band, erste Abtheilung /

Guardado en:
Bibliografiske detaljer
Hovedforfatter: Scheeben, Matthias Joseph (autor)
Andre forfattere: Atzberger, Leonhard (autor) (autor)
Format: Bog
Sprog:German
Serier:(Theologische Bibliothek)
Fag:
Tags: Tilføj Tag
Ingen Tags, Vær først til at tagge denne postø!

MARC

LEADER 00000nam^a2200000^a^4500
001 000380524
005 20250526000000.0
009 20260310120609.738
037 |a Acervo Xavier Clavigero 
041 |a ALE 
082 |a 230.  |b SCH V. 4 T. 1 
100 |a Scheeben, Matthias Joseph  |e (autor) 
240 1 1 |a [Handbuch der katholischen Dogmatik] 
245 1 0 |a Handbuch der katholischen Dogmatik :  |b Vierter Band, erste Abtheilung /  |c M.J. Scheeben, L. Atzberger. 
264 |a Friburgo, Alemania :  |b Herder,  |c 1898 
300 |a XI, 458 p. ;  |c 23.5 cm. 
336 |a texto  |b txt  |2 rdacontenido 
337 |a sin mediación  |b n  |2 rdamedio 
338 |a volumen  |b nc  |2 rdasoporte 
440 1 |a (Theologische Bibliothek) 
501 |a Encuadernación particular 
562 |a Falta cubierta 
649 |a XX 
650 |a Iglesia Católica 
650 |a Fe 
650 |a Revelación 
650 |a Misticismo Cristiano 
650 |a Teología Doctrinal -  |x Tema Principal 
650 |a Catolicismo 
650 |a Cristianismo 
650 |a Religión 
700 |a Atzberger, Leonhard  |e (autor) 
910 |a Fondo General 
920 |a Impresos - Libros 
930 |a Libros Antiguos y Raros 
905 |a 108 
901 |a 0500275616  |b IT2  |c LRA  |u 20250526 
902 |a https://opac.biblio.iteso.mx/vufind/Record/000380524